| 000 | 00504nam a22001817a 4500 | ||
|---|---|---|---|
| 003 | CEME | ||
| 005 | 20210628203930.0 | ||
| 008 | 210309b xxu||||| |||| 00| 0 eng d | ||
| 020 | _a87762-701-1 | ||
| 040 | _c. | ||
| 082 | _a621.11803 DEL'B | ||
| 100 |
_aBader, Micahel.G _967893 |
||
| 245 | _aDelaware composites design encyclopedia, processing and fabrication technology.vol-3 | ||
| 250 | _aVOL-3 | ||
| 260 |
_aUSA _bTECHNOMIC _c1990 |
||
| 650 |
_aFABRICATION TECHNOLOGY _967894 |
||
| 942 |
_cBK _2ddc |
||
| 999 |
_c575582 _d575582 |
||